Информационные технологии: учебник для бакалавров
| 第一著者: | |
|---|---|
| その他の著者: | |
| 要約: | Электронная копия печатного издания. В данном учебнике изложены фундаментальные основы информатики в области информационных технологий как составляющие формирования информационного общества. Раскрыты содержание, возможности и области применения базовых и прикладных информационных технологий. Наиболее важным для будущих профессионалов является то, что в учебном издании приведена инструментальная база с раскрытием программных, технических и методических средств информационных технологий. С целью более глубокого изучения дисциплины читатель может обратиться к списку литературы, приведенному в книге. Режим доступа: из корпоративной сети ТПУ |
| 言語: | ロシア語 |
| 出版事項: |
Москва, Юрайт, 2013
|
| 版: | 6-е изд. |
| シリーズ: | Бакалавр. Прикладной курс Электронные учебники издательства "Юрайт" |
| 主題: | |
| オンライン・アクセス: | http://www.lib.tpu.ru/fulltext2/m/2014/FN/fn-58.pdf |
| フォーマット: | MixedMaterials 電子媒体 図書 |
| KOHA link: | https://koha.lib.tpu.ru/cgi-bin/koha/opac-detail.pl?biblionumber=262209 |
MARC
| LEADER | 00000nlm0a2200000 4500 | ||
|---|---|---|---|
| 001 | 262209 | ||
| 005 | 20231101233630.0 | ||
| 010 | |a 9785991628242 | ||
| 035 | |a (RuTPU)RU\TPU\book\285191 | ||
| 090 | |a 262209 | ||
| 100 | |a 20140530d2013 m y0rusy50 ca | ||
| 101 | 0 | |a rus | |
| 102 | |a RU | ||
| 105 | |a y j 000zy | ||
| 135 | |a vocna---uucaa | ||
| 181 | 0 | |a i | |
| 182 | 0 | |a b | |
| 200 | 1 | |a Информационные технологии |b Электронный ресурс |e учебник для бакалавров |f Б. Я. Советов, В. В. Цехановский | |
| 203 | |a Текст |c электронный | ||
| 205 | |a 6-е изд. | ||
| 210 | |a Москва |c Юрайт |d 2013 | ||
| 215 | |a 1 Мультимедиа CD-ROM | ||
| 225 | 1 | |a Бакалавр. Прикладной курс | |
| 225 | 1 | |a Электронные учебники издательства "Юрайт" | |
| 230 | |a Мультимедиа ресурсы (10 директорий; 100 файлов; 740MB) | ||
| 300 | |a Электронная копия печатного издания. | ||
| 330 | |a В данном учебнике изложены фундаментальные основы информатики в области информационных технологий как составляющие формирования информационного общества. Раскрыты содержание, возможности и области применения базовых и прикладных информационных технологий. Наиболее важным для будущих профессионалов является то, что в учебном издании приведена инструментальная база с раскрытием программных, технических и методических средств информационных технологий. С целью более глубокого изучения дисциплины читатель может обратиться к списку литературы, приведенному в книге. | ||
| 333 | |a Режим доступа: из корпоративной сети ТПУ | ||
| 337 | |a Pentium 100 MHz, 16 Mb RAM, Windows 95/98/NT/2000, CDROM, SVGA, звуковая карта, Internet Explorer 5.0 и выше | ||
| 606 | 1 | |a Информационные технологии |x Вычислительная техника |2 stltpush |3 (RuTPU)RU\TPU\subj\36205 |9 57667 | |
| 610 | 1 | |a информация | |
| 610 | 1 | |a информатизация | |
| 610 | 1 | |a информационное общество | |
| 610 | 1 | |a классификация | |
| 610 | 1 | |a базовые информационные технологии | |
| 610 | 1 | |a прикладные информационные технологии | |
| 610 | 1 | |a инструментальная база | |
| 610 | 1 | |a учебники | |
| 610 | 1 | |a CD-ROM | |
| 675 | |a 004(075.8) |v 4 | ||
| 700 | 1 | |a Советов |b Б. Я. |g Борис Яковлевич | |
| 701 | 1 | |a Цехановский |b В. В. |g Владислав Владимирович | |
| 801 | 1 | |a RU |b 63413507 |c 20140530 | |
| 801 | 2 | |a RU |b 63413507 |c 20221209 |g RCR | |
| 856 | 4 | |u http://www.lib.tpu.ru/fulltext2/m/2014/FN/fn-58.pdf | |
| 942 | |c CF | ||